[Event "ESTCC 65 2019"]
[Site "Mali Losinj"]
[Date "2019.09.24"]
[Round "7.18"]
[White "Olesen, Poul Erik Norgaard"]
[Black "Vucenovic, Dragomir"]
[Result "0-1"]
[WhiteElo "1996"]
[BlackElo "2154"]
[Annotator "NA"]
[PlyCount "84"]
[EventDate "2019.09.18"]
[EventType "team-tourn"]
[EventCountry "CRO"]
[SourceTitle "playchess.com"]
[Source "ChessBase"]
[SourceQuality "1"]
[WhiteTeam "Denmark"]
[BlackTeam "Switzerland"]
[WhiteTeamCountry "DEN"]
[BlackTeamCountry "SUI"]
[TimeControl "40/5400+30:1800+30"]

1. e4 {[%emt 0:00:30]} e5 {[%emt 0:00:30]} 2. Nf3 {[%emt 0:00:00]} Nc6 {[%emt 0:00:00]} 3. Bb5 {[%emt 0:00:00]} a6 {[%emt 0:00:00]} 4. Ba4 {[%emt 0:00:30]} d6 {[%emt 0:00:30]} 5. Bxc6+ {[%emt 0:01:30]} bxc6 {[%emt 0:00:30]} 6. Nc3 {[%emt 0:00:30]} Nf6 {[%emt 0:00:30]} 7. O-O {[%emt 0:01:30]} Be7 {[%emt 0:00:30]} 8. Re1 {[%emt 0:03:30]} c5 {[%emt 0:01:30]} 9. d3 {[%emt 0:04:30]} h6 {[%emt 0:01:30]} 10. b3 {[%emt 0:02:30]} O-O {[%emt 0:00:30]} 11. h3 {[%emt 0:01:30]} c6 {[%emt 0:01:30]} 12. Ne2 {[%emt 0:03:30]} Re8 {[%emt 0:10:30]} 13. g4 {[%emt 0:06:30]} h5 {[%emt 0:07:30]} 14. g5 {[%emt 0:02:30]} Nh7 {[%emt 0:00:30]} 15. h4 {[%emt 0:01:30]} g6 {[%emt 0:06:30]} 16. Nh2 {[%emt 0:09:30]} Qd7 {[%emt 0:10:30]} 17. f4 {[%emt 0:11:30]} Qh3 {[%emt 0:07:30]} 18. Rf1 {[%emt 0:05:30]} Qxh4 {[%emt 0:03:30]} 19. Bd2 {[%emt 0:18:30]} exf4 {[%emt 0:04:30]} 20. Rxf4 {[%emt 0:02:30]} Qxg5+ {[%emt 0:01:30]} 21. Kh1 {[%emt 0:01:30]} Bh3 {[%emt 0:05:30]} 22. Rg4 {[%emt 0:02:50]} Qe5 {[%emt 0:02:30]} 23. Rg3 {[%emt 0:04:13]} Bg4 {[%emt 0:10:30]} 24. Nxg4 {[%emt 0:01:30]} hxg4 {[%emt 0:00:30]} 25. Bc3 {[%emt 0:01:26]} Qh5+ {[%emt 0:01:30]} 26. Kg2 {[%emt 0:00:16]} Bf6 {[%emt 0:03:41]} 27. Bxf6 {[%emt 0:03:29]} Nxf6 {[%emt 0:00:28]} 28. Qf1 {[%emt 0:00:08]} Qe5 {[%emt 0:01:27]} 29. c3 {[%emt 0:00:39]} Kg7 {[%emt 0:00:44]} 30. Qf2 {[%emt 0:00:24]} d5 {[%emt 0:07:47]} 31. Rf1 {[%emt 0:00:51]} Qg5 {[%emt 0:03:09]} 32. Qxc5 {[%emt 0:04:02]} Rh8 {[%emt 0:02:49]} 33. Qd4 {[%emt 0:02:05]} Rae8 {[%emt 0:00:22]} 34. Rf4 {[%emt 0:00:34]} Qe5 {[%emt 0:00:35]} 35. Qc5 {[%emt 0:01:35]} dxe4 {[%emt 0:00:43]} 36. Qxc6 {[%emt 0:01:27]} exd3 {[%emt 0:01:05]} 37. Rxf6 {[%emt 0:00:47]} Qxf6 {[%emt 0:00:28]} 38. Qxf6+ {[%emt 0:00:28]} Kxf6 {[%emt 0:00:38]} 39. Nd4 {[%emt 0:00:16]} Rh3 {[%emt 0:02:21]} 40. Rxg4 {[%emt 0:00:15]} Rhe3 {[%emt 0:00:17]} 41. Rf4+ {[%emt 0:30:41]} Kg7 {[%emt 0:30:28]} 42. Rf2 {[%emt 0:00:24]} Re2 {[%emt 0:00:30]} 0-1

[Event "ESTCC 65 2019"]
[Site "Mali Losinj"]
[Date "2019.09.24"]
[Round "7.19"]
[White "Hohler, Peter"]
[Black "Jorgensen, Arne Bjorn"]
[Result "1-0"]
[WhiteElo "2047"]
[BlackElo "1996"]
[Annotator "NA"]
[PlyCount "63"]
[EventDate "2019.09.18"]
[EventType "team-tourn"]
[EventCountry "CRO"]
[SourceTitle "playchess.com"]
[Source "ChessBase"]
[SourceQuality "1"]
[WhiteTeam "Switzerland"]
[BlackTeam "Denmark"]
[WhiteTeamCountry "SUI"]
[BlackTeamCountry "DEN"]
[TimeControl "40/5400+30:1800+30"]

1. c4 {[%emt 0:00:30]} f5 {[%emt 0:00:30]} 2. Nc3 {[%emt 0:00:00]} Nf6 {[%emt 0:00:00]} 3. g3 {[%emt 0:00:00]} g6 {[%emt 0:00:00]} 4. Bg2 {[%emt 0:00:30]} Bg7 {[%emt 0:00:00]} 5. d3 {[%emt 0:01:30]} O-O {[%emt 0:01:00]} 6. e4 {[%emt 0:00:30]} d6 {[%emt 0:01:30]} 7. Nge2 {[%emt 0:00:30]} Nc6 {[%emt 0:02:30]} 8. O-O {[%emt 0:04:30]} e5 {[%emt 0:01:30]} 9. Nd5 {[%emt 0:15:30]} Be6 {[%emt 0:05:30]} 10. Bg5 {[%emt 0:04:30]} Qd7 {[%emt 0:06:30]} 11. Qd2 {[%emt 0:05:30]} Rab8 {[%emt 0:05:30]} 12. Rac1 {[%emt 0:02:30]} b6 {[%emt 0:04:30]} 13. b4 {[%emt 0:05:30]} Nd4 {[%emt 0:11:30]} 14. Nxd4 {[%emt 0:01:30]} exd4 {[%emt 0:02:30]} 15. Bxf6 {[%emt 0:07:30]} Bxf6 {[%emt 0:01:30]} 16. exf5 {[%emt 0:01:30]} Bxf5 {[%emt 0:01:30]} 17. Nxf6+ {[%emt 0:00:30]} Rxf6 {[%emt 0:00:30]} 18. b5 {[%emt 0:00:30]} Qg7 {[%emt 0:05:30]} 19. Rce1 {[%emt 0:15:30]} Rff8 {[%emt 0:03:30]} 20. Re2 {[%emt 0:02:30]} Rfe8 {[%emt 0:02:30]} 21. Rfe1 {[%emt 0:01:30]} Rxe2 {[%emt 0:07:30]} 22. Qxe2 {[%emt 0:00:30]} Rf8 {[%emt 0:07:30]} 23. Be4 {[%emt 0:09:27]} Kh8 {[%emt 0:05:30]} 24. Bxf5 {[%emt 0:00:46]} Rxf5 {[%emt 0:01:30]} 25. Qe6 {[%emt 0:05:38]} Re5 {[%emt 0:08:46]} 26. Qe8+ {[%emt 0:04:43]} Rxe8 {[%emt 0:04:23]} 27. Rxe8+ {[%emt 0:00:02]} Qg8 {[%emt 0:00:08]} 28. Rxg8+ {[%emt 0:00:08]} Kxg8 {[%emt 0:00:03]} 29. Kg2 {[%emt 0:00:46]} Kf7 {[%emt 0:01:14]} 30. Kf3 {[%emt 0:00:02]} Ke6 {[%emt 0:00:48]} 31. Ke4 {[%emt 0:00:04]} g5 {[%emt 0:01:33]} 32. g4 {[%emt 0:02:57]} 1-0

[Event "ESTCC 65 2019"]
[Site "Mali Losinj"]
[Date "2019.09.24"]
[Round "7.20"]
[White "Mortensen, Steen Juul"]
[Black "Staechelin, Ruedi"]
[Result "1-0"]
[WhiteElo "1892"]
[BlackElo "2002"]
[Annotator "NA"]
[PlyCount "61"]
[EventDate "2019.09.18"]
[EventType "team-tourn"]
[EventCountry "CRO"]
[SourceTitle "playchess.com"]
[Source "ChessBase"]
[SourceQuality "1"]
[WhiteTeam "Denmark"]
[BlackTeam "Switzerland"]
[WhiteTeamCountry "DEN"]
[BlackTeamCountry "SUI"]
[TimeControl "40/5400+30:1800+30"]

1. d4 {[%emt 0:00:30]} d5 {[%emt 0:00:30]} 2. c4 {[%emt 0:00:00]} c6 {[%emt 0:00:00]} 3. Nf3 {[%emt 0:00:00]} Nf6 {[%emt 0:00:00]} 4. Nc3 {[%emt 0:00:30]} a6 {[%emt 0:00:30]} 5. a4 {[%emt 0:01:30]} Bf5 {[%emt 0:02:30]} 6. Qb3 {[%emt 0:02:30]} Ra7 {[%emt 0:02:30]} 7. a5 {[%emt 0:03:30]} e6 {[%emt 0:02:30]} 8. Qb6 {[%emt 0:01:30]} Qxb6 {[%emt 0:00:30]} 9. axb6 {[%emt 0:03:30]} Ra8 {[%emt 0:00:00]} 10. c5 {[%emt 0:00:30]} Nfd7 {[%emt 0:12:00]} 11. b4 {[%emt 0:02:30]} f6 {[%emt 0:00:30]} 12. Nd2 {[%emt 0:02:30]} e5 {[%emt 0:04:30]} 13. e3 {[%emt 0:01:30]} Nxb6 {[%emt 0:06:30]} 14. cxb6 {[%emt 0:00:30]} Bxb4 {[%emt 0:00:00]} 15. Bb2 {[%emt 0:08:30]} exd4 {[%emt 0:01:00]} 16. exd4 {[%emt 0:00:00]} Nd7 {[%emt 0:02:30]} 17. Na4 {[%emt 0:09:00]} Bc2 {[%emt 0:04:30]} 18. Nc5 {[%emt 0:10:30]} Bxc5 {[%emt 0:08:30]} 19. dxc5 {[%emt 0:00:30]} Nxc5 {[%emt 0:00:30]} 20. Rc1 {[%emt 0:03:30]} Nd3+ {[%emt 0:00:00]} 21. Bxd3 {[%emt 0:00:30]} Bxd3 {[%emt 0:00:00]} 22. Nb3 {[%emt 0:00:30]} Bb5 {[%emt 0:05:30]} 23. Nc5 {[%emt 0:03:30]} O-O {[%emt 0:01:30]} 24. Kd2 {[%emt 0:00:30]} Rf7 {[%emt 0:05:30]} 25. Rhe1 {[%emt 0:00:30]} a5 {[%emt 0:07:30]} 26. Ne6 {[%emt 0:15:30]} a4 {[%emt 0:07:30]} 27. Ba3 {[%emt 0:01:30]} Bc4 {[%emt 0:00:30]} 28. Nc7 {[%emt 0:02:30]} Rc8 {[%emt 0:01:30]} 29. Re7 {[%emt 0:03:30]} Rxe7 {[%emt 0:00:30]} 30. Bxe7 {[%emt 0:00:00]} Kf7 {[%emt 0:00:30]} 31. Re1 {[%emt 0:00:00]} 1-0

[Event "ESTCC 65 2019"]
[Site "Mali Losinj"]
[Date "2019.09.24"]
[Round "7.21"]
[White "Karppinen, Martti"]
[Black "Beilfuss, Wilfried"]
[Result "0-1"]
[WhiteElo "1925"]
[BlackElo "2192"]
[Annotator "NA"]
[PlyCount "68"]
[EventDate "2019.09.18"]
[EventType "team-tourn"]
[EventCountry "CRO"]
[SourceTitle "playchess.com"]
[Source "ChessBase"]
[SourceQuality "1"]
[WhiteTeam "Finland"]
[BlackTeam "Germany"]
[WhiteTeamCountry "FIN"]
[BlackTeamCountry "GER"]
[TimeControl "40/5400+30:1800+30"]

1. d4 {[%emt 0:05:30]} Nf6 {[%emt 0:00:30]} 2. c4 {[%emt 0:00:00]} e6 {[%emt 0:00:30]} 3. g3 {[%emt 0:01:00]} c5 {[%emt 0:00:30]} 4. Nf3 {[%emt 0:01:30]} cxd4 {[%emt 0:00:30]} 5. Nxd4 {[%emt 0:01:30]} Qc7 {[%emt 0:04:30]} 6. Qb3 {[%emt 0:03:30]} Bc5 {[%emt 0:02:30]} 7. Be3 {[%emt 0:10:30]} Ng4 {[%emt 0:08:30]} 8. Nd2 {[%emt 0:03:30]} Nxe3 {[%emt 0:02:30]} 9. fxe3 {[%emt 0:08:30]} Nc6 {[%emt 0:03:30]} 10. Nb5 {[%emt 0:03:30]} Qb6 {[%emt 0:06:30]} 11. Ne4 {[%emt 0:11:30]} Bb4+ {[%emt 0:00:30]} 12. Kf2 {[%emt 0:04:30]} O-O {[%emt 0:00:30]} 13. Bg2 {[%emt 0:03:30]} a6 {[%emt 0:04:30]} 14. Nbd6 {[%emt 0:03:30]} f5 {[%emt 0:08:30]} 15. Ng5 {[%emt 0:09:30]} Na5 {[%emt 0:05:30]} 16. Nxc8 {[%emt 0:04:30]} Raxc8 {[%emt 0:00:30]} 17. Qd3 {[%emt 0:01:30]} Nxc4 {[%emt 0:00:30]} 18. Rhc1 {[%emt 0:03:12]} d5 {[%emt 0:01:30]} 19. Nxe6 {[%emt 0:00:38]} Ne5 {[%emt 0:08:30]} 20. Qd4 {[%emt 0:04:47]} Ng4+ {[%emt 0:01:30]} 21. Kg1 {[%emt 0:01:55]} Qxd4 {[%emt 0:02:30]} 22. exd4 {[%emt 0:01:00]} Bd2 {[%emt 0:00:00]} 23. Rxc8 {[%emt 0:04:53]} Rxc8 {[%emt 0:00:00]} 24. Bxd5 {[%emt 0:00:00]} Rc2 {[%emt 0:05:30]} 25. Bb3 {[%emt 0:04:24]} Rxb2 {[%emt 0:00:30]} 26. h3 {[%emt 0:01:10]} Nf6 {[%emt 0:02:30]} 27. Nf4+ {[%emt 0:00:45]} Kf8 {[%emt 0:00:30]} 28. Ne6+ {[%emt 0:00:49]} Kf7 {[%emt 0:01:30]} 29. Nd8+ {[%emt 0:00:48]} Ke7 {[%emt 0:00:30]} 30. Nxb7 {[%emt 0:00:25]} Be3+ {[%emt 0:00:30]} 31. Kf1 {[%emt 0:00:16]} Ne4 {[%emt 0:01:30]} 32. g4 {[%emt 0:01:18]} f4 {[%emt 0:00:30]} 33. Na5 {[%emt 0:00:58]} Ng3+ {[%emt 0:00:30]} 34. Kg2 {[%emt 0:01:16]} Rxe2+ {[%emt 0:00:00]} 0-1

[Event "ESTCC 65 2019"]
[Site "Mali Losinj"]
[Date "2019.09.24"]
[Round "7.22"]
[White "Becker, Norbert"]
[Black "Patola, Eero"]
[Result "1-0"]
[WhiteElo "2131"]
[BlackElo "1798"]
[Annotator "NA"]
[PlyCount "63"]
[EventDate "2019.09.18"]
[EventType "team-tourn"]
[EventCountry "CRO"]
[SourceTitle "playchess.com"]
[Source "ChessBase"]
[SourceQuality "1"]
[WhiteTeam "Germany"]
[BlackTeam "Finland"]
[WhiteTeamCountry "GER"]
[BlackTeamCountry "FIN"]
[TimeControl "40/5400+30:1800+30"]

1. e4 {[%emt 0:00:30]} c5 {[%emt 0:05:30]} 2. Nf3 {[%emt 0:00:30]} e6 {[%emt 0:05:30]} 3. b3 {[%emt 0:05:30]} a6 {[%emt 0:00:30]} 4. Bb2 {[%emt 0:00:30]} d6 {[%emt 0:00:30]} 5. d4 {[%emt 0:00:30]} cxd4 {[%emt 0:01:30]} 6. Nxd4 {[%emt 0:00:30]} Nf6 {[%emt 0:00:30]} 7. Bd3 {[%emt 0:00:30]} Be7 {[%emt 0:00:30]} 8. O-O {[%emt 0:00:30]} O-O {[%emt 0:00:30]} 9. c4 {[%emt 0:00:30]} Nc6 {[%emt 0:00:30]} 10. Nxc6 {[%emt 0:00:30]} bxc6 {[%emt 0:04:30]} 11. Qe2 {[%emt 0:01:30]} c5 {[%emt 0:02:30]} 12. Rd1 {[%emt 0:05:30]} e5 {[%emt 0:08:30]} 13. Nc3 {[%emt 0:04:30]} Bg4 {[%emt 0:05:30]} 14. f3 {[%emt 0:00:30]} Be6 {[%emt 0:00:30]} 15. Bc2 {[%emt 0:02:30]} Qc8 {[%emt 0:02:30]} 16. Bc1 {[%emt 0:02:30]} Rd8 {[%emt 0:03:30]} 17. Be3 {[%emt 0:11:30]} h6 {[%emt 0:02:30]} 18. Rd2 {[%emt 0:02:30]} Qc7 {[%emt 0:06:30]} 19. Rad1 {[%emt 0:02:30]} Qa5 {[%emt 0:01:30]} 20. Qd3 {[%emt 0:09:30]} g5 {[%emt 0:01:30]} 21. Bb1 {[%emt 0:01:30]} Kg7 {[%emt 0:04:30]} 22. Kh1 {[%emt 0:03:30]} Rh8 {[%emt 0:00:30]} 23. g3 {[%emt 0:05:30]} Rag8 {[%emt 0:01:30]} 24. Nd5 {[%emt 0:04:30]} Nxd5 {[%emt 0:03:30]} 25. exd5 {[%emt 0:01:30]} Bd7 {[%emt 0:00:30]} 26. f4 {[%emt 0:04:30]} f6 {[%emt 0:02:30]} 27. fxe5 {[%emt 0:03:30]} dxe5 {[%emt 0:01:30]} 28. Rf2 {[%emt 0:02:30]} f5 {[%emt 0:05:30]} 29. Rxf5 {[%emt 0:01:30]} Bxf5 {[%emt 0:00:30]} 30. Qxf5 {[%emt 0:00:30]} Qb6 {[%emt 0:00:30]} 31. d6 {[%emt 0:01:30]} Bxd6 {[%emt 0:05:30]} 32. Qd7+ {[%emt 0:03:22]} 1-0

[Event "ESTCC 65 2019"]
[Site "Mali Losinj"]
[Date "2019.09.24"]
[Round "7.23"]
[White "Virtanen, Esko"]
[Black "Mueller, Gerhard"]
[Result "1/2-1/2"]
[WhiteElo "1771"]
[BlackElo "2104"]
[Annotator "NA"]
[PlyCount "65"]
[EventDate "2019.09.18"]
[EventType "team-tourn"]
[EventCountry "CRO"]
[SourceTitle "playchess.com"]
[Source "ChessBase"]
[SourceQuality "1"]
[WhiteTeam "Finland"]
[BlackTeam "Germany"]
[WhiteTeamCountry "FIN"]
[BlackTeamCountry "GER"]
[TimeControl "40/5400+30:1800+30"]

1. Nf3 {[%emt 0:00:30]} c5 {[%emt 0:00:00]} 2. c3 {[%emt 0:00:30]} d5 {[%emt 0:01:00]} 3. d4 {[%emt 0:00:30]} e6 {[%emt 0:00:30]} 4. Bf4 {[%emt 0:00:00]} Nc6 {[%emt 0:00:30]} 5. e3 {[%emt 0:00:00]} Nf6 {[%emt 0:00:30]} 6. Nbd2 {[%emt 0:01:30]} Nh5 {[%emt 0:07:30]} 7. Be5 {[%emt 0:00:30]} f6 {[%emt 0:01:30]} 8. Bg3 {[%emt 0:00:30]} Nxg3 {[%emt 0:01:30]} 9. hxg3 {[%emt 0:00:00]} Be7 {[%emt 0:02:30]} 10. Nh4 {[%emt 0:03:00]} Kd7 {[%emt 0:05:30]} 11. Qh5 {[%emt 0:02:30]} h6 {[%emt 0:01:30]} 12. Ng6 {[%emt 0:01:30]} Rg8 {[%emt 0:00:30]} 13. Nxe7 {[%emt 0:00:00]} Qxe7 {[%emt 0:00:30]} 14. dxc5 {[%emt 0:03:00]} Qxc5 {[%emt 0:01:30]} 15. O-O-O {[%emt 0:00:30]} Kc7 {[%emt 0:00:30]} 16. e4 {[%emt 0:04:30]} Bd7 {[%emt 0:01:30]} 17. exd5 {[%emt 0:00:30]} Qxd5 {[%emt 0:00:30]} 18. Nb3 {[%emt 0:11:30]} Qxh5 {[%emt 0:00:30]} 19. Rxh5 {[%emt 0:00:30]} b6 {[%emt 0:03:30]} 20. Bb5 {[%emt 0:07:30]} Rad8 {[%emt 0:01:30]} 21. Rh4 {[%emt 0:01:30]} Ne5 {[%emt 0:08:30]} 22. Bxd7 {[%emt 0:01:30]} Rxd7 {[%emt 0:00:30]} 23. Rxd7+ {[%emt 0:00:30]} Kxd7 {[%emt 0:00:30]} 24. Rd4+ {[%emt 0:00:30]} Ke7 {[%emt 0:00:30]} 25. Kd2 {[%emt 0:08:30]} Rd8 {[%emt 0:01:30]} 26. Rxd8 {[%emt 0:00:30]} Kxd8 {[%emt 0:00:30]} 27. Nd4 {[%emt 0:00:30]} Kd7 {[%emt 0:00:00]} 28. b4 {[%emt 0:01:30]} a6 {[%emt 0:08:00]} 29. a4 {[%emt 0:10:30]} Nc4+ {[%emt 0:06:30]} 30. Kc2 {[%emt 0:07:30]} Ne5 {[%emt 0:00:30]} 31. Kd2 {[%emt 0:00:30]} Nc4+ {[%emt 0:03:30]} 32. Kc2 {[%emt 0:00:30]} Ne5 {[%emt 0:20:30]} 33. Kd2 {[%emt 0:03:30]} 1/2-1/2

[Event "ESTCC 65 2019"]
[Site "Mali Losinj"]
[Date "2019.09.24"]
[Round "7.24"]
[White "Thoele, Wolfgang"]
[Black "Ristoja, Aulikki"]
[Result "1/2-1/2"]
[WhiteElo "1865"]
[BlackElo "1558"]
[Annotator "NA"]
[PlyCount "67"]
[EventDate "2019.09.18"]
[EventType "team-tourn"]
[EventCountry "CRO"]
[SourceTitle "playchess.com"]
[Source "ChessBase"]
[SourceQuality "1"]
[WhiteTeam "Germany"]
[BlackTeam "Finland"]
[WhiteTeamCountry "GER"]
[BlackTeamCountry "FIN"]
[TimeControl "40/5400+30:1800+30"]

1. e4 {[%emt 0:00:30]} d5 {[%emt 0:00:30]} 2. exd5 {[%emt 0:00:00]} Qxd5 {[%emt 0:00:00]} 3. Nc3 {[%emt 0:00:00]} Qa5 {[%emt 0:00:00]} 4. d4 {[%emt 0:00:30]} c6 {[%emt 0:00:30]} 5. Nf3 {[%emt 0:01:30]} Bg4 {[%emt 0:00:30]} 6. Bf4 {[%emt 0:01:30]} Nf6 {[%emt 0:03:30]} 7. h3 {[%emt 0:01:30]} Bxf3 {[%emt 0:00:30]} 8. Qxf3 {[%emt 0:00:00]} Qb6 {[%emt 0:01:30]} 9. Qd3 {[%emt 0:03:00]} e6 {[%emt 0:01:30]} 10. b3 {[%emt 0:01:30]} Bb4 {[%emt 0:01:30]} 11. Bd2 {[%emt 0:01:30]} Nbd7 {[%emt 0:01:30]} 12. a3 {[%emt 0:00:30]} Be7 {[%emt 0:06:30]} 13. Be2 {[%emt 0:01:30]} Qc7 {[%emt 0:01:30]} 14. O-O {[%emt 0:00:30]} O-O {[%emt 0:02:30]} 15. Qf3 {[%emt 0:02:30]} Rfd8 {[%emt 0:02:30]} 16. Bd3 {[%emt 0:02:30]} c5 {[%emt 0:03:30]} 17. dxc5 {[%emt 0:12:30]} Nxc5 {[%emt 0:01:30]} 18. Rfd1 {[%emt 0:16:30]} Nxd3 {[%emt 0:01:30]} 19. cxd3 {[%emt 0:00:30]} a6 {[%emt 0:02:30]} 20. b4 {[%emt 0:01:30]} b5 {[%emt 0:01:30]} 21. Rac1 {[%emt 0:00:00]} Qd7 {[%emt 0:01:30]} 22. Be1 {[%emt 0:01:00]} Rac8 {[%emt 0:00:30]} 23. Qe3 {[%emt 0:07:30]} Nd5 {[%emt 0:03:30]} 24. Nxd5 {[%emt 0:21:30]} Qxd5 {[%emt 0:00:30]} 25. Qa7 {[%emt 0:01:30]} Qd6 {[%emt 0:07:30]} 26. Qb7 {[%emt 0:02:38]} Rb8 {[%emt 0:03:30]} 27. Qe4 {[%emt 0:07:03]} Qd5 {[%emt 0:06:30]} 28. Qxd5 {[%emt 0:01:40]} Rxd5 {[%emt 0:00:30]} 29. Rc6 {[%emt 0:00:08]} Ra8 {[%emt 0:03:30]} 30. Bc3 {[%emt 0:00:36]} Rd6 {[%emt 0:05:30]} 31. Rxd6 {[%emt 0:01:33]} Bxd6 {[%emt 0:00:30]} 32. Rc1 {[%emt 0:00:27]} Rc8 {[%emt 0:01:30]} 33. Bb2 {[%emt 0:00:28]} Rxc1+ {[%emt 0:01:30]} 34. Bxc1 {[%emt 0:00:03]} 1/2-1/2

[Event "ESTCC 65 2019"]
[Site "Mali Losinj"]
[Date "2019.09.24"]
[Round "7.25"]
[White "Vadlja, Stjepan"]
[Black "Carlsten, Peter"]
[Result "0-1"]
[WhiteElo "1636"]
[BlackElo "1986"]
[Annotator "NA"]
[PlyCount "123"]
[EventDate "2019.09.18"]
[EventType "team-tourn"]
[EventCountry "CRO"]
[SourceTitle "playchess.com"]
[Source "ChessBase"]
[SourceQuality "1"]
[WhiteTeam "Croatia"]
[BlackTeam "Sweden"]
[WhiteTeamCountry "CRO"]
[BlackTeamCountry "SWE"]
[TimeControl "40/5400+30:1800+30"]

1. d4 {[%emt 0:00:30]} f5 {[%emt 0:00:30]} 2. c4 {[%emt 0:00:30]} Nf6 {[%emt 0:00:00]} 3. Nc3 {[%emt 0:00:30]} g6 {[%emt 0:00:00]} 4. Nf3 {[%emt 0:00:30]} Bg7 {[%emt 0:00:00]} 5. e3 {[%emt 0:05:30]} O-O {[%emt 0:01:00]} 6. Be2 {[%emt 0:00:30]} d6 {[%emt 0:00:30]} 7. Qb3 {[%emt 0:00:30]} e6 {[%emt 0:01:30]} 8. O-O {[%emt 0:00:30]} Qe7 {[%emt 0:01:30]} 9. h3 {[%emt 0:02:30]} c6 {[%emt 0:02:30]} 10. Bd3 {[%emt 0:01:30]} Kh8 {[%emt 0:03:30]} 11. Bd2 {[%emt 0:00:30]} e5 {[%emt 0:00:30]} 12. dxe5 {[%emt 0:02:30]} dxe5 {[%emt 0:01:30]} 13. Nh2 {[%emt 0:00:00]} Rd8 {[%emt 0:06:30]} 14. Qc2 {[%emt 0:01:00]} Qd6 {[%emt 0:00:30]} 15. Qb3 {[%emt 0:02:30]} Qxd3 {[%emt 0:01:30]} 16. Rad1 {[%emt 0:00:30]} Qd6 {[%emt 0:00:30]} 17. Nf3 {[%emt 0:00:00]} Qc7 {[%emt 0:01:30]} 18. c5 {[%emt 0:00:00]} Qe7 {[%emt 0:02:30]} 19. Na4 {[%emt 0:01:30]} Be6 {[%emt 0:00:30]} 20. Qc2 {[%emt 0:00:30]} Nbd7 {[%emt 0:01:30]} 21. Ba5 {[%emt 0:00:30]} Rf8 {[%emt 0:04:30]} 22. Bc7 {[%emt 0:00:30]} Ne8 {[%emt 0:00:30]} 23. Bd6 {[%emt 0:00:00]} Nxd6 {[%emt 0:00:00]} 24. cxd6 {[%emt 0:01:00]} Qf6 {[%emt 0:01:00]} 25. b3 {[%emt 0:00:30]} Rfd8 {[%emt 0:01:30]} 26. Rd2 {[%emt 0:00:30]} Bd5 {[%emt 0:00:30]} 27. Rfd1 {[%emt 0:00:30]} Qxd6 {[%emt 0:01:30]} 28. Nc3 {[%emt 0:02:30]} Nf6 {[%emt 0:00:30]} 29. Ng5 {[%emt 0:00:30]} Qe7 {[%emt 0:00:30]} 30. Nxd5 {[%emt 0:02:30]} Nxd5 {[%emt 0:00:30]} 31. Nf3 {[%emt 0:00:30]} Nb6 {[%emt 0:05:30]} 32. a4 {[%emt 0:00:30]} Nd5 {[%emt 0:04:30]} 33. Qc4 {[%emt 0:00:30]} Bf6 {[%emt 0:00:30]} 34. g3 {[%emt 0:07:30]} Kg7 {[%emt 0:02:30]} 35. Kg2 {[%emt 0:00:30]} Nb6 {[%emt 0:01:30]} 36. Qc2 {[%emt 0:00:00]} Rxd2 {[%emt 0:00:30]} 37. Qxd2 {[%emt 0:00:00]} Qe6 {[%emt 0:05:30]} 38. Qc2 {[%emt 0:00:30]} Rd8 {[%emt 0:00:00]} 39. Re1 {[%emt 0:01:30]} Qd5 {[%emt 0:01:00]} 40. e4 {[%emt 0:00:30]} fxe4 {[%emt 0:01:30]} 41. Rxe4 {[%emt 0:30:30]} Qd3 {[%emt 0:30:30]} 42. Qxd3 {[%emt 0:00:30]} Rxd3 {[%emt 0:00:00]} 43. Nxe5 {[%emt 0:00:30]} Rxb3 {[%emt 0:00:00]} 44. Ng4 {[%emt 0:00:00]} Nd5 {[%emt 0:00:30]} 45. Re8 {[%emt 0:01:00]} h5 {[%emt 0:00:30]} 46. Nh2 {[%emt 0:01:30]} Kf7 {[%emt 0:01:30]} 47. Ra8 {[%emt 0:00:30]} a6 {[%emt 0:00:30]} 48. a5 {[%emt 0:00:00]} Rb5 {[%emt 0:00:30]} 49. Nf3 {[%emt 0:00:00]} Rxa5 {[%emt 0:00:30]} 50. h4 {[%emt 0:00:30]} Ra2 {[%emt 0:00:30]} 51. Ng5+ {[%emt 0:00:00]} Bxg5 {[%emt 0:00:30]} 52. hxg5 {[%emt 0:00:00]} a5 {[%emt 0:01:30]} 53. Ra7 {[%emt 0:00:30]} Rb2 {[%emt 0:00:30]} 54. Rxa5 {[%emt 0:00:00]} Ne3+ {[%emt 0:01:30]} 55. Kf3 {[%emt 0:00:00]} Ng4 {[%emt 0:00:00]} 56. Ra7 {[%emt 0:02:30]} Rxf2+ {[%emt 0:01:00]} 57. Ke4 {[%emt 0:00:30]} Rb2 {[%emt 0:00:00]} 58. Kd4 {[%emt 0:00:00]} Ke6 {[%emt 0:00:00]} 59. Ra8 {[%emt 0:01:00]} Kf5 {[%emt 0:02:30]} 60. Kc3 {[%emt 0:00:00]} Rb5 {[%emt 0:00:30]} 61. Rf8+ {[%emt 0:00:00]} Kxg5 {[%emt 0:00:00]} 62. Rg8 {[%emt 0:02:30]} 0-1

[Event "ESTCC 65 2019"]
[Site "Mali Losinj"]
[Date "2019.09.24"]
[Round "7.27"]
[White "Novak, Stjepan"]
[Black "Dalling, Peter"]
[Result "0-1"]
[WhiteElo "1503"]
[BlackElo "1824"]
[Annotator "NA"]
[PlyCount "54"]
[EventDate "2019.09.18"]
[EventType "team-tourn"]
[EventCountry "CRO"]
[SourceTitle "playchess.com"]
[Source "ChessBase"]
[SourceQuality "1"]
[WhiteTeam "Croatia"]
[BlackTeam "Sweden"]
[WhiteTeamCountry "CRO"]
[BlackTeamCountry "SWE"]
[TimeControl "40/5400+30:1800+30"]

1. e4 {[%emt 0:00:30]} e5 {[%emt 0:00:30]} 2. Nf3 {[%emt 0:00:30]} Nf6 {[%emt 0:00:00]} 3. Bc4 {[%emt 0:00:30]} Nc6 {[%emt 0:02:00]} 4. d3 {[%emt 0:00:30]} Be7 {[%emt 0:00:30]} 5. Nc3 {[%emt 0:00:30]} d6 {[%emt 0:00:30]} 6. a3 {[%emt 0:03:30]} a5 {[%emt 0:04:30]} 7. O-O {[%emt 0:02:30]} O-O {[%emt 0:00:30]} 8. Bg5 {[%emt 0:01:30]} Bg4 {[%emt 0:00:30]} 9. Bxf6 {[%emt 0:00:30]} Bxf6 {[%emt 0:00:30]} 10. Nd5 {[%emt 0:00:30]} Nd4 {[%emt 0:00:30]} 11. c3 {[%emt 0:03:30]} Nxf3+ {[%emt 0:00:30]} 12. gxf3 {[%emt 0:00:30]} Bh3 {[%emt 0:00:30]} 13. Kh1 {[%emt 0:06:30]} Bxf1 {[%emt 0:00:30]} 14. Qxf1 {[%emt 0:00:30]} c6 {[%emt 0:00:30]} 15. Ne3 {[%emt 0:00:30]} g6 {[%emt 0:04:30]} 16. Qh3 {[%emt 0:00:30]} Bg7 {[%emt 0:03:30]} 17. Rg1 {[%emt 0:01:30]} Kh8 {[%emt 0:13:30]} 18. Rg3 {[%emt 0:03:30]} b5 {[%emt 0:03:30]} 19. Ba2 {[%emt 0:11:30]} b4 {[%emt 0:00:30]} 20. Bc4 {[%emt 0:00:30]} bxa3 {[%emt 0:00:00]} 21. bxa3 {[%emt 0:00:00]} Rb8 {[%emt 0:00:00]} 22. Qf1 {[%emt 0:02:00]} Rb2 {[%emt 0:01:30]} 23. Rh3 {[%emt 0:01:30]} Qd7 {[%emt 0:03:30]} 24. Qg2 {[%emt 0:08:30]} Rb1+ {[%emt 0:00:30]} 25. Nf1 {[%emt 0:00:30]} d5 {[%emt 0:01:30]} 26. exd5 {[%emt 0:00:30]} cxd5 {[%emt 0:00:30]} 27. Bxd5 {[%emt 0:02:30]} Qxd5 {[%emt 0:00:30]} 0-1